000 00461nam a2200181Ia 4500
001 17323
005 20260306171509.0
008 260306s9999||||xx |||||||||||||| ||und||
041 _aESP
082 _a657.61
_bV19
100 _aValdiviezo Rosado, José
_eAUT
245 0 _aTratamiento de los arrendamientos financieros de la NIIF 16
260 _c2019
300 _a47 páginas :
_c24 cm.
650 _aGEN
654 _aCCO
942 _cLIB
_dJUS
_fJUS
_2ddc
_n
999 _c17323
_d17323